Environmental sanitation in India. (Record no. 4809)

MARC details
000 -LEADER
fixed length control field 00772cam a22002651 4500
001 - CONTROL NUMBER
control field 1229588
003 - CONTROL NUMBER IDENTIFIER
control field GBCCL
005 - DATE AND TIME OF LATEST TRANSACTION
control field 20241126110527.0
008 - FIXED-LENGTH DATA ELEMENTS--GENERAL INFORMATION
fixed length control field 710903s1963 ii a b 000 0 eng
010 ## -
-- sa 68002084
025 ## - OVERSEAS ACQUISITION NUMBER
Overseas acquisition number PL480:I-E-9439
040 ## - CATALOGING SOURCE
Original cataloging agency DLC
Transcribing agency DLC
Modifying agency DLC
043 ## -
-- a-ii---
050 00 -
-- RA529
-- .K3
082 ## - DEWEY DECIMAL CLASSIFICATION NUMBER
Classification number 363.720954
Item number KAW
100 1# - MAIN ENTRY--PERSONAL NAME
Personal name Kawata, Kazuyoshi.
9 (RLIN) 8775
245 10 - TITLE STATEMENT
Title Environmental sanitation in India.
260 ## - PUBLICATION, DISTRIBUTION, ETC.
Place of publication, distribution, etc. [Ludhiana,
Name of publisher, distributor, etc. Christian Medical College, Dept. of Social and Preventive Medicine,
Date of publication, distribution, etc. 1963]
300 ## - PHYSICAL DESCRIPTION
Extent iii, 217 p.
Other physical details illus.
Dimensions 25 cm.
350 ## - PRICE (NR) (BK AM CF MU VM SE) [OBSOLETE]
Price Rs15
504 ## - BIBLIOGRAPHY, ETC. NOTE
Bibliography, etc. note Includes bibliographies.
650 #0 - SUBJECT ADDED ENTRY--TOPICAL TERM
Topical term or geographic name entry element Sanitation
Geographic subdivision India.
9 (RLIN) 8776
906 ## - LOCAL DATA ELEMENT F, LDF (RLIN)
a 7
b cbc
c orignew
d u
e ncip
f 19
g y-gencatlg
942 ## - ADDED ENTRY ELEMENTS (KOHA)
Source of classification or shelving scheme Dewey Decimal Classification
Koha item type Books
Koha issues (borrowed), all copies 3
Holdings
Withdrawn status Lost status Source of classification or shelving scheme Damaged status Not for loan Home library Current Library Shelving location Date acquired Total checkouts Full call number Barcode Date last seen Date last checked out Copy number Price effective from Koha item type
    Dewey Decimal Classification     GRACE BIBLE COLLEGE GRACE BIBLE COLLEGE General Studies 2018-02-07 3 363.720954 KAW 002245 2025-05-01 2019-04-04 c.1 2018-02-07 Books
© Grace Bible College Library 2025